000 00644nam a22002057a 4500
005 20250114144520.0
010 _aENG-143391
020 _c2995.00
_a9789395116855
035 _aEN-126923
037 _bDBAD
082 _a347.54077
100 _aSarkar, Sudipto
_976546
245 0 0 _aSpecific Relief Act/
_cby Sudipto Sarkar [and] Sidharth Sethi
250 _a19
260 _aGurgaon
_bLexis Nexis
_c2024
270 _a14th Floor, Bldg. No.10, Tower-B, DLF Cyber City, Phase-II
_bGurgaon
_e122002
300 _accliii,1089p.
_c24cm(Hb)
700 _aSethi, Sidharth
_eAuthor
_976544
942 _2ddc
_cEN
_mSAR
_h347.54077
999 _c208474
_d208474